Fiberglass-reinforced plastic pressure vessels.
Guardado en:
| Autor Corporativo: | |
|---|---|
| Formato: | Revista |
| Idioma: | English |
| Publicado: |
New York :
American Society of Mechanical Engineers,
1977-
|
| Edición: | 1977 ed. |
| Series: | ASME boiler and pressure vessel code ;
Sect. X |
| Materias: | |
| Etiquetas: |
Agregar Etiqueta
Sin Etiquetas, Sea el primero en etiquetar este registro!
|
| LEADER | 01152nas a22002535a 4500 | ||
|---|---|---|---|
| 001 | EIQ.libpla001984 | ||
| 008 | 070320c19779999nyuuu#p#######0####|eng#d | ||
| 005 | 20070320193932.0 | ||
| 245 | 0 | 0 | |a Fiberglass-reinforced plastic pressure vessels. |
| 250 | |a 1977 ed. | ||
| 260 | |a New York : |b American Society of Mechanical Engineers, |c 1977- | ||
| 300 | |a v. (hojas sustituibles) : |b il. ; |c 30 cm. | ||
| 310 | |a Irregular | ||
| 440 | 0 | |a ASME boiler and pressure vessel code ; |v Sect. X | |
| 500 | |a Descripción basada en: 1977 ed. | ||
| 500 | |a Incluye actualizaciones años 1977, 78, 79. | ||
| 710 | 2 | |a American Society of Mechanical Engineers. |b ASME Boiler and Pressure Vessel Committee. |b Subcommittee on Reinforced Plastic Pressure Vessels. | |
| 246 | 3 | 3 | |a ASME boiler and pressure vessel code. |n Section X, |p Fiberglass-reinforced plastic pressure vessels. |
| 650 | 4 | |a Recipientes de presión |x Estándares. | |
| 650 | 4 | |a Polímeros reforzados |x Estándares. | |
| 650 | 4 | |a Reinforced plastic |x Standards | |
| 650 | 4 | |a Pressure vessels |x Standards. | |
| 040 | |a AR-BbSID |b spa |c AR-BbSID | ||
| 859 | |a AR-BbSID |b BIB. PLAPIQUI |h 624.18 |i Am 35 |k R |p 3275 |v Swect. X |3 Section X | ||
